000 00482cam a22001694a 4500
020 _a0073659355
082 0 0 _a620.11 BEE
100 1 _aBeer, Ferdinand P.
245 1 0 _aMechanics of materials /
250 _a3rd ed.
260 _aNew York :
_bMcGraw-Hill,
_c2002.
300 _axix, 788 p. :
_bcol.ill. ;
_e1 computer optical disc (4 3/4 in.)
650 0 _aStrength of materials.
700 1 _aJohnston, E. Russell
_937917
700 1 _aDeWolf, John T.
_936218
942 _cBK
_2ddc
999 _c31507
_d31507